00848nam a2200265Ia 4500003000400000005001700004008004100021020001800062040001800080041000800098082002100106100002700127245005000154250001200204260005300216300002400269650001900293650001800312650001900330650001900349700002700368942003000395999001900425952013800444OSt20240525103548.0210716s2003 xx 000 0 und d a9798126116404 cAIMIT LIBRARY aeng a005.73 21bDAWS aDawra, Sudhir.9167698 aData structure in c.cEdited by Sudhir Dawra. a1st ed. aNew Delhi :bAnmol Publications Pvt Ltd ,c2003. a250 p.;bHBc23 cm. aArrays9167699 aStack9167700 aString9167701 aRecurs9167702 aDawra, Sudhir.9167698 2ddccBKe1stk005.73 DANS c185983d185983 001040708MCAaAIMITbAIMITeIntel Book Distributorsg300.00l0o005.73 DAWSpMCA05491r2026-05-23 00:00:00v240.00w2021-07-16yBK